| 000 | 01174cac a22002531u 4500 | ||
|---|---|---|---|
| 090 | _c4123 | ||
| 008 | 090112t 2006xxu||||| |||| 00| 0 eng d | ||
| 010 | _a 2004061025 | ||
| 020 | _a 0072964464 (alk. paper) | ||
| 082 | 0 | 0 |
_a651.7 _bLOC |
| 100 | _aLocker, Kitty O. | ||
| 245 | 1 | 0 |
_aBusiness and administrative communication / _cKitty O. Locker. |
| 250 | _a7th ed. | ||
| 260 |
_aBoston, Mass. : _bMcGraw-Hill/Irwin, _cc2006. |
||
| 300 |
_axxx, 686 p. : _bill. ; _c29 cm. |
||
| 504 | _aIncludes bibliographical references and indexes. | ||
| 650 | 0 | _aBusiness communication. | |
| 650 | 0 | _aCommunication in management. | |
| 856 | 4 | 2 |
_3Publisher description _uhttp://www.loc.gov/catdir/enhancements/fy0618/2004061025-d.html |
| 856 | 4 | 2 |
_3Table of contents only _uhttp://www.loc.gov/catdir/enhancements/fy0618/2004061025-t.html |
| 942 |
_cBB _k651.7LOC _2ddc |
||
| 999 |
_c4123 _d4123 |
||